000
00281nam a22001217a 4500
008
230704b xxu||||| |||| 00| 0 eng d
082
_a
363.3
_b
UNI
110
_b
UNICEF
245
_a
consolidated Emergency Donor Report
260
_b
UNICEF
_c
2001
300
_a
57p
942
_2
ddc
_c
BK
999
_c
3893
_d
3893